Capital social: una lectura de tres perspectivas clásicas /
Este artículo presenta las tres perspectivas centrales que han dado lugar a la mayoría de los desarrollos empíricos y conceptuales del capital social y que son su referencia más frecuente.Se enmarcan las virtudes y problemas que acompañan el concepto y se develan sus aportaciones para el ordenamient...
Uloženo v:
| Hlavní autor: | |
|---|---|
| Další autoři: | |
| Médium: | Text |
| Témata: | |
| Tagy: |
Přidat tag
Žádné tagy, Buďte první, kdo vytvoří štítek k tomuto záznamu!
|
MARC
| LEADER | 00000 a a2200000 04500 | ||
|---|---|---|---|
| 001 | 16538 | ||
| 003 | |||
| 040 | |||
| 100 | |a Millán, René | ||
| 245 | |a Capital social: |b una lectura de tres perspectivas clásicas / |c René Millán ; Sara Gordon | ||
| 520 | |a Este artículo presenta las tres perspectivas centrales que han dado lugar a la mayoría de los desarrollos empíricos y conceptuales del capital social y que son su referencia más frecuente.Se enmarcan las virtudes y problemas que acompañan el concepto y se develan sus aportaciones para el ordenamiento del debate. Las propuestas analíticas de Coleman, Putnam y Lin se sitúan en diferentes tradiciones intelectuales que requieren ser delimitadas, rescatando tanto las limitaciones como los rasgos fuertes, distintivos e irreductibles de cada corriente | ||
| 650 | |a CAPITAL SOCIAL | ||
| 650 | |a TEORIA | ||
| 650 | |a SERVICIO CIVICO | ||
| 650 | |a INTEGRACION SOCIAL | ||
| 650 | |a COLABORACION | ||
| 650 | |a PARTICIPACION COMUNITARIA | ||
| 700 | |a Gordon, Sara | ||
| 773 | |g volumen 66, número 4; páginas 711-747 | ||
| 999 | |c 36399 |d 36399 | ||
